POLLYANNA (Record no. 762821)

MARC details
000 -LEADER
sabit uzunluktaki kontrol alanı 00252nam a2200097Ia 4500
001 - KONTROL NUMARASI
kontrol alanı 762821
005 - EN SON İŞLEMİN TARİH VE ZAMANI
kontrol alanı 20250826165233.0
008 - SABİT-UZUNLUKTA VERİ ÖĞELERİ--GENEL BİLGİ
sabit uzunluktaki kontrol alanı 250824s9999 xx 000 0 und d
245 #0 - ESER / YAZAR
ESER ADI POLLYANNA
Yazar Adı ELEANOR H. PORTER
260 ## - YAYIN, DAĞITIM, VB.
YAYIN EVİ TÜRKİYE İŞ BANKASI YAYINLARI
Holdings
Düşüm durumu Kayıp durumu Hasar Durumu Ödünç verilmez Ana kütüphane Geçerli Kütüphane Edinilen tarih Toplam ödünç verme sayısı Barkod Son görüntüleme tarihi Son ödünç verme tarihi Fiyatın geçerli olmaya başladığı tarih Koha materyal türü
        KEMAL AKPINAR İMAM HATİP ORTAOKULU KEMAL AKPINAR İMAM HATİP ORTAOKULU 24.08.2025 1 10283086 16.10.2025 09.10.2025 26.08.2025 Books